000 00440nam a2200157 i 4500
001 100388
003 ES-MaACL
005 20230906182650.0
007 t|
008 050928s1966 sp ||||1| cat d
100 1 _aMas, Joan.
_978615
245 1 0 _aEscáandol a camp de mar
_b: (dos mil porcs...) /
_cJoan Mas.
260 _aPalma de Mallorca :
_bDaedalus,
_c1966.
300 _a122 p. ;
_c17 cm.
852 _aES-MaACL
_jC-30612
_bR.59990
999 _c100388
_d100388